Sri Chaitanya-caritamrita : (Record no. 6605)

MARC details
000 -LEADER
fixed length control field 00526cam a2200205ua 4500
001 - CONTROL NUMBER
control field 7487
005 - DATE AND TIME OF LATEST TRANSACTION
control field 20260515114222.0
008 - FIXED-LENGTH DATA ELEMENTS--GENERAL INFORMATION
fixed length control field 141211n ii |||gr||||Z||||||ben
040 ## - CATALOGING SOURCE
Transcribing agency MAIN
041 ## - LANGUAGE CODE
Language code of text/sound track or separate title ben
082 ## - DEWEY DECIMAL CLASSIFICATION NUMBER
Classification number 294.5
100 ## - MAIN ENTRY--PERSONAL NAME
Personal name Swami, B.,
Relator term Translator.
245 ## - TITLE STATEMENT
Title Sri Chaitanya-caritamrita :
Remainder of title Antyaleela /
Statement of responsibility, etc. Translated by Bhakticharu Swami .
250 ## - EDITION STATEMENT
Edition statement 4th.
260 ## - PUBLICATION, DISTRIBUTION, ETC.
Place of publication, distribution, etc. Calcutta:
Name of publisher, distributor, etc. Bhaktibedanta,
Date of publication, distribution, etc. 1993.
300 ## - PHYSICAL DESCRIPTION
Extent 568p.
653 ## - INDEX TERM--UNCONTROLLED
Uncontrolled term Religions ofIndic origin
653 ## - INDEX TERM--UNCONTROLLED
Uncontrolled term Hinduism
942 ## - ADDED ENTRY ELEMENTS (KOHA)
Koha item type Books
Holdings
Withdrawn status Lost status Damaged status Not for loan Home library Current library Shelving location Date acquired Total checkouts Full call number Barcode Date last seen Date last checked out Copy number Price effective from Koha item type
        Naharkatiya College Library Naharkatiya College Library General stacks 09/19/2020 1 294.5 | SRI 12761 04/12/2021 04/01/2021 1 09/19/2020 Books
        Naharkatiya College Library Naharkatiya College Library General stacks 09/19/2020   294.5 | SRI 12828 09/19/2020   2 09/19/2020 Books